000 01138nam a22002297a 4500
999 _c33411
_d33411
003 OSt
005 20221219151528.0
008 140214b2022 slv spa
040 _cBMC
082 _a302
100 1 _aCabezas Cerna, Nancy Carolina
_946667
245 1 0 _aConsecuencias psicosociales en los usuarios consultantes de la Unidad Comunitaria de Salud Familiar Intermedia “Casa del Niño” a causa de la pandemia por el virus SARS-COV2
_b: investigación, informe final
_cNancy Carolina Cabezas Cerna, Andres Ernesto Kury Rivas, Ana Claudia Oliva Salazar
260 _aSanta Ana (El Salvador)
_bUniversidad Católica de El Salvador
_c2021
300 _a77+[8] h.
_c28 cm
_e+ 1 disco compacto
500 _aPrecede al tít.: Universidad Católica de El Salvador, Facultad de Ciencias de la Salud
502 _aPara optar al grado académico de: Doctorado en Medicina
650 2 4 _923790
_aPsicología comunitaria
700 1 _aKury Rivas, Andres Ernesto
_946668
700 1 _aOliva Salazar, Ana Claudia
_946669
710 2 _933484
_aUniversidad Católica de El Salvador
_bFacultad de Ciencias de la Salud
942 _2ddc
_cTG